| 000 | 00542nam a2200181 a 4500 | ||
|---|---|---|---|
| 005 | 20140310183254.0 | ||
| 008 | 041020s19uu xx 00 eng d | ||
| 050 |
_aQH 323.5 _b.D38 2001 |
||
| 100 | _aDawson, Beth | ||
| 245 |
_aBasic & clinical biostatistics / _cBeth Dawson |
||
| 260 |
_aNew York : _bLange Medical Books/McGraw-Hill, Medical Pub. Division, _c2001. |
||
| 300 |
_a399 p. : _bill. ; _c26 cm. |
||
| 650 | _aMedical statistics. | ||
| 650 | _aBiometry. | ||
| 700 | _aTrapp, Robert G. | ||
| 942 |
_cBK _2lcc _kFOR |
||
| 999 |
_c20818 _d20818 |
||